Principles of measurement systems / (Record no. 544249)

000 -LEADER
fixed length control field 00750cam a2200229 a 4500
020 ## - INTERNATIONAL STANDARD BOOK NUMBER
International Standard Book Number 0470234458
020 ## - INTERNATIONAL STANDARD BOOK NUMBER
International Standard Book Number 0582237793 (England)
082 00 - DEWEY DECIMAL CLASSIFICATION NUMBER
Classification number 530.8
Author Mark BEN
-- L-37, P-89
100 1# - MAIN ENTRY--PERSONAL NAME
Personal name Bentley, John P.,
9 (RLIN) 39823
245 10 - TITLE STATEMENT
Title Principles of measurement systems /
Statement of responsibility, etc. John P. Bentley.
250 ## - EDITION STATEMENT
Edition statement 3rd ed.
260 ## - PUBLICATION, DISTRIBUTION, ETC.
Place of publication, distribution, etc. Harlow [England] :
Name of publisher, distributor, etc. Longman Scientific & Technical ;
Place of publication, distribution, etc. New York, NY :
Name of publisher, distributor, etc. Wiley,
Date of publication, distribution, etc. 1995.
300 ## - PHYSICAL DESCRIPTION
Extent xi, 468 p. :
Other physical details ill. ;
Dimensions 25 cm.
500 ## - GENERAL NOTE
General note Includes index.
526 ## - STUDY PROGRAM INFORMATION NOTE
Program name 0
Interest level 0
Reading level 0
Title point value 530_800000000000000_BEN
650 #0 - SUBJECT ADDED ENTRY--TOPICAL TERM
Topical term or geographic name entry element Automatic control.
9 (RLIN) 26207
650 #0 - SUBJECT ADDED ENTRY--TOPICAL TERM
Topical term or geographic name entry element Engineering instruments.
9 (RLIN) 7429
650 #0 - SUBJECT ADDED ENTRY--TOPICAL TERM
Topical term or geographic name entry element MCE
9 (RLIN) 379
650 #0 - SUBJECT ADDED ENTRY--TOPICAL TERM
Topical term or geographic name entry element Physical instruments.
9 (RLIN) 39824
650 #0 - SUBJECT ADDED ENTRY--TOPICAL TERM
Topical term or geographic name entry element Physical measurements.
9 (RLIN) 39825
942 ## - ADDED ENTRY ELEMENTS (KOHA)
Source of classification or shelving scheme
Koha item type Book
Holdings
Withdrawn status Lost status Source of classification or shelving scheme Damaged status Not for loan Permanent Location Current Location Date acquired Total Checkouts Full call number Barcode Date last seen Price effective from Koha item type
          Military College of Engineering (MCE) Military College of Engineering (MCE) 04/16/2014   530.8 BEN MCE-28801 04/16/2014 04/16/2014 Book
© 2023 Central Library, National University of Sciences and Technology. All Rights Reserved.